书目信息 |
| 题名: |
我手画我心
|
|
| 作者: | 严文华 著 | |
| 分册: | ||
| 出版信息: | 北京 中国轻工业出版社 2009 |
|
| 页数: | 10,157页 | |
| 开本: | 24cm | |
| 丛书名: | ||
| 单 册: | ||
| 中图分类: | J20-05 , B84-49 | |
| 科图分类: | ||
| 主题词: | 绘画心理学--通俗读物 , 心理学 | |
| 电子资源: | ||
| ISBN: | 978-7-5019-7036-0 | |
| 000 | 00812nam0 2200253 450 | |
| 001 | 1573684294 | |
| 005 | 20150131202829.57 | |
| 010 | @a978-7-5019-7036-0@dCNY35.00 | |
| 100 | @a20091013d2009 em y0chiy50 ea | |
| 101 | 0 | @achi |
| 102 | @aCN@b110000 | |
| 105 | @aa z 000yy | |
| 200 | 1 | @a我手画我心@9wo shou hua wo xin@f严文华著 |
| 210 | @a北京@c中国轻工业出版社@d2009 | |
| 215 | @a10,157页@c图@d24cm | |
| 300 | @a万千心理 | |
| 330 | @a本书的主旨是让忙碌的城市人,能够通过图画和文字的结合,探索自己的内心,让自己的外在自我与内在自我相互认识,更加和谐,成为一个健康、智慧的现代人。 | |
| 606 | 0 | @a绘画心理学@j通俗读物 |
| 606 | 0 | @a心理学 |
| 690 | @aJ20-05@v5 | |
| 690 | @aB84-49@v4 | |
| 701 | 0 | @a严文华@9yan wen hua@c(女,@f1969~)@4著 |
| 801 | 0 | @aCN@bTSSF@c20150131 |
| 905 | @aZUCC@dB84-49@eJY17 | |
| 我手画我心/严文华著.-北京:中国轻工业出版社,2009 |
| 10,157页:图;24cm |
| 万千心理 |
| ISBN 978-7-5019-7036-0:CNY35.00 |
| 本书的主旨是让忙碌的城市人,能够通过图画和文字的结合,探索自己的内心,让自己的外在自我与内在自我相互认识,更加和谐,成为一个健康、智慧的现代人。 |
| ● |
| 相关链接 |
|
|
|
|
正题名:我手画我心
索取号:B84-49/JY17
 
预约/预借
| 序号 | 登录号 | 条形码 | 馆藏地/架位号 | 状态 | 备注 |
| 1 | 7857400 | 278574008 | 学院路分馆/ [索取号:B84-49/JY17] | 在馆 |